<?xml version="1.0" encoding="UTF-8"?><?xml-stylesheet type="text/xsl" href="static/style.xsl"?><OAI-PMH xmlns="http://www.openarchives.org/OAI/2.0/" xmlns:xsi="http://www.w3.org/2001/XMLSchema-instance" xsi:schemaLocation="http://www.openarchives.org/OAI/2.0/ http://www.openarchives.org/OAI/2.0/OAI-PMH.xsd"><responseDate>2026-04-17T01:13:11Z</responseDate><request verb="GetRecord" identifier="oai:www.recercat.cat:2117/393944" metadataPrefix="marc">https://recercat.cat/oai/request</request><GetRecord><record><header><identifier>oai:recercat.cat:2117/393944</identifier><datestamp>2025-07-23T07:17:07Z</datestamp><setSpec>com_2072_1033</setSpec><setSpec>col_2072_452951</setSpec></header><metadata><record xmlns="http://www.loc.gov/MARC21/slim" xmlns:dcterms="http://purl.org/dc/terms/" xmlns:xsi="http://www.w3.org/2001/XMLSchema-instance" xmlns:doc="http://www.lyncode.com/xoai" xsi:schemaLocation="http://www.loc.gov/MARC21/slim http://www.loc.gov/standards/marcxml/schema/MARC21slim.xsd">
   <leader>00925njm 22002777a 4500</leader>
   <datafield ind2=" " ind1=" " tag="042">
      <subfield code="a">dc</subfield>
   </datafield>
   <datafield ind2=" " ind1=" " tag="720">
      <subfield code="a">López González, Marta</subfield>
      <subfield code="e">author</subfield>
   </datafield>
   <datafield ind2=" " ind1=" " tag="260">
      <subfield code="c">2023-07</subfield>
   </datafield>
   <datafield ind2=" " ind1=" " tag="520">
      <subfield code="a">Aquest Treball de Fi de Grau es basa en el disseny d’un esterilitzador de copes menstruals que aporti un valor afegit. Es tracta de crear una solució, un producte diferenciador, que faciliti l’ús de la copa i mostri a les dones que el conjunt dels dos productes resulta ser una gran opció tant per la salut menstrual com la del planeta.&#xd;
Per assolir l’objectiu i desenvolupar una proposta congruent, s’ha implementat la metodologia del ‘Design Thinking’, un procés de resolució creativa de problemes que està orientat a generar idees innovadores, centrant-se a entendre i donar solució a les necessitats dels usuaris.&#xd;
La comprensió i l’empatia amb les dones, el públic objectiu, ha estat essencial per a la canalització del projecte i la conceptualització del producte, ja que s’ha pogut passar de tot un conjunt d’idees més aviat desendreçades a la coneixença del punt final al qual arribar.&#xd;
Entre les fases d’ideació i desenvolupament ha estat necessari crear un prototip físic per a validar la funcionalitat del disseny definit. Aquest ha permès redirigir el model creat acabant de perfeccionar-lo per tal que s’adaptés als requisits exigits.&#xd;
S’ha obtingut un esterilitzador portable, apte per a qualsevol model de copa vaginal i polivalent, que no s’ha de fer servir a la cuina necessàriament.&#xd;
Finalment, en calcular el pressupost necessari per a comprovar la viabilitat de la seva fabricació, s’ha observat que es requereix una gran inversió inicial, però tenint en compte els costos de producció, s’ha previst que el dispositiu pot guanyar-se un lloc al mercat gràcies al seu valor afegit i a la diferència de preu assolida respecte a la seva competència.</subfield>
   </datafield>
   <datafield ind2=" " ind1=" " tag="520">
      <subfield code="a">This project is based on the design of a menstrual cup sterilizer that provides an added value. It is about creating a solution, a differentiating product that facilitates the use of the cup and shows the women that the combination of the two products is a great option for both menstrual and planet health.&#xd;
To achieve the objective and develop a consistent proposal, the methodology of ‘Design thinking’ has been implemented. It is a creative problem-solving process that is oriented to generate innovative ideas, focusing on understanding and providing solutions to the needs of users.&#xd;
The comprehension and empathy with woman, the target, has been essential for the channeling of the project and the conceptualization of the product, since it has been possible to go from a set of unresolved idees to the knowledge of the final point to reach.&#xd;
Between the ideation and implementation phases it has been necessary to create a physical prototype to validate the functionality of the defined design. This has allowed to redirect the created model and to perfect it to adapt it to the requirements.&#xd;
It has been obtained a portable sterilizer, suitable for any model of vaginal cup and polyvalent, which does not have to be used necessarily in the kitchen.&#xd;
Finally, when calculating the necessary budget to prove the feasibility of its manufacture, it has been observed that a large initial investment is required, but considering the production costs, it has been foreseen that the device can win a place in the market thanks to its added value and the difference in price compared to its competitors.</subfield>
   </datafield>
   <datafield ind2=" " ind1=" " tag="520">
      <subfield code="a">Objectius de Desenvolupament Sostenible::3 - Salut i Benestar</subfield>
   </datafield>
   <datafield ind2=" " ind1=" " tag="520">
      <subfield code="a">Objectius de Desenvolupament Sostenible::4 - Educació de Qualitat</subfield>
   </datafield>
   <datafield ind2=" " ind1=" " tag="520">
      <subfield code="a">Objectius de Desenvolupament Sostenible::12 - Producció i Consum Responsables</subfield>
   </datafield>
   <datafield ind2=" " ind1=" " tag="520">
      <subfield code="a">Objectius de Desenvolupament Sostenible::13 - Acció per al Clima</subfield>
   </datafield>
   <datafield tag="653" ind2=" " ind1=" ">
      <subfield code="a">Àrees temàtiques de la UPC::Arquitectura::Disseny::Disseny industrial</subfield>
   </datafield>
   <datafield tag="653" ind2=" " ind1=" ">
      <subfield code="a">Hygiene products -- Design</subfield>
   </datafield>
   <datafield tag="653" ind2=" " ind1=" ">
      <subfield code="a">Product design</subfield>
   </datafield>
   <datafield tag="653" ind2=" " ind1=" ">
      <subfield code="a">Disseny</subfield>
   </datafield>
   <datafield tag="653" ind2=" " ind1=" ">
      <subfield code="a">Disseny de producte</subfield>
   </datafield>
   <datafield tag="653" ind2=" " ind1=" ">
      <subfield code="a">Disseny industrial</subfield>
   </datafield>
   <datafield tag="653" ind2=" " ind1=" ">
      <subfield code="a">Esterilitzador</subfield>
   </datafield>
   <datafield tag="653" ind2=" " ind1=" ">
      <subfield code="a">Copa menstrual</subfield>
   </datafield>
   <datafield tag="653" ind2=" " ind1=" ">
      <subfield code="a">Higiene menstrual</subfield>
   </datafield>
   <datafield tag="653" ind2=" " ind1=" ">
      <subfield code="a">Higiene íntima femenina</subfield>
   </datafield>
   <datafield tag="653" ind2=" " ind1=" ">
      <subfield code="a">Esterilitzador de copes menstruals</subfield>
   </datafield>
   <datafield tag="653" ind2=" " ind1=" ">
      <subfield code="a">Productes d'higiene -- Disseny</subfield>
   </datafield>
   <datafield tag="653" ind2=" " ind1=" ">
      <subfield code="a">Disseny de producte</subfield>
   </datafield>
   <datafield ind2="0" ind1="0" tag="245">
      <subfield code="a">Projecte de disseny d'un esterilitzador per una copa menstrual</subfield>
   </datafield>
</record></metadata></record></GetRecord></OAI-PMH>